Score 0/17 Timer 02:00
0 Plays Today
Clue 4-Letter Word % Correct
Gill-bearing aquatic vertebrateFISH
95.5%
QuickFAST
95.4%
Used for punchingFIST
91.7%
PlateDISH
91.2%
Vertical spar supporting sailsMAST
89.6%
Dangerous chanceRISK
86.1%
AscendRISE
86%
A flat, thin, round objectDISK
84.9%
All matter in the universe has thisMASS
84.8%
Clue 4-Letter Word % Correct
Aged to the point of edibilityRIPE
77.3%
Frosty's was made of a corncobPIPE
75.6%
To have concernCARE
74.9%
A situation requiring police investigationCASE
70.2%
A [Rung 10] related to PerchesBASS
67.9%
Lowest part or edgeBASE
65%
A carnivorous freshwater [Rung 10]PIKE
62.1%
An oily, freshwater [Rung 10]CARP
60.8%

Today's Daily Dose

Remove Ads.
Support Sporcle.
Get the best of Sporcle when you Go Orange. This ad-free experience offers more features, more stats, and more fun while also helping to support Sporcle. Thank you for becoming a member.

You're not logged in!

Compare scores with friends on all Sporcle quizzes.
OR
Log In

Show Comments

Extras

Top Quizzes Today


Score Distribution

Your Account Isn't Verified!

In order to create a playlist on Sporcle, you need to verify the email address you used during registration. Go to your Sporcle Settings to finish the process.

Report this User

Report this user for behavior that violates our Community Guidelines.

Details: